Katova dcera a čaroděj /
Další část ze série historických thrillerů s kriminálními zápletkami, v níž kat Jakob Kuisl, jeho dcera Magdalena a medik Simon Fronwieser vyšetřují záhadnou vraždu řeholního čekatele v benediktinském klášteře.
Uloženo v:
| Série: | Katova dcera,
část 4 |
|---|---|
| Hlavní autor: | |
| Další autoři: | |
| Médium: | E-kniha |
| Jazyk: | Czech |
| Vydáno: |
Praha :
Euromedia Group,
2025
|
| Vydání: | Vydání druhé |
| Témata: | |
| Příbuzné jednotky: | Z cyklu::
Katova dcera |
| Tagy: |
Žádné tagy |
| LEADER | 02627nam a2200505 i 4500 | ||
|---|---|---|---|
| 001 | 297547 | ||
| 003 | CZ PrSKC | ||
| 005 | 20260411063121.0 | ||
| 007 | ta | ||
| 008 | 250415s2025 xr ab g 000 f cze | ||
| 015 | |a cnb003669383 | ||
| 020 | |a 9788028404017 |q (brožováno) | ||
| 035 | |a (OCoLC)1522999910 | ||
| 040 | |a ABG001 |b cze |e rda | ||
| 041 | 1 | |a cze |h ger | |
| 072 | 7 | |a 821.112.2-3 |x Německá próza, německy psaná |2 Konspekt | |
| 080 | |a 821.112.2-31 |2 MRF | ||
| 080 | |a (0:82-311.6) |2 MRF | ||
| 080 | |a (0:82-312.4) |2 MRF | ||
| 100 | 1 | |a Pötzsch, Oliver, |d 1970- |7 xx0136239 |4 aut | |
| 240 | 1 | 0 | |a Hexer und die Henkerstochter. |l Česky |
| 245 | 1 | 0 | |a Katova dcera a čaroděj / |c Oliver Pötzsch ; z německého originálu Der Hexer und die Henkerstochter ... přeložila Jana Pecharová |
| 250 | |a Vydání druhé | ||
| 264 | 1 | |a Praha : |b Euromedia Group, |c 2025 | |
| 300 | |a 454 stran : |b ilustrace, 1 mapa ; |c 20 cm | ||
| 336 | |a text |b txt |2 rdacontent | ||
| 337 | |a bez média |b n |2 rdamedia | ||
| 338 | |a svazek |b nc |2 rdacarrier | ||
| 500 | |a "Vydala Euromedia Group, a.s., v edici Kalibr"--Tiráž | ||
| 520 | 2 | |a Další část ze série historických thrillerů s kriminálními zápletkami, v níž kat Jakob Kuisl, jeho dcera Magdalena a medik Simon Fronwieser vyšetřují záhadnou vraždu řeholního čekatele v benediktinském klášteře. |b Schongauský medik Simon Fronwieser a jeho žena Magdalena, katova dcera, se vydali v létě roku 1666 na pouť do Andechsu. Sotva dorazí do kláštera, je zde zavražděn novic. A zanedlouho poté při neštěstí v jedné dílně zmizí beze stopy i podivínský hodinář fráter Virgilius, který vyrábí automaty podobné lidem. Nakladatelská anotace. Kráceno. | |
| 655 | 7 | |a německé romány |7 fd132945 |2 czenas | |
| 655 | 7 | |a historické romány |7 fd132414 |2 czenas | |
| 655 | 7 | |a detektivní romány |7 fd132010 |2 czenas | |
| 655 | 9 | |a German fiction |2 eczenas | |
| 655 | 9 | |a historical novels |2 eczenas | |
| 655 | 9 | |a detective novels |2 eczenas | |
| 700 | 1 | |a Pecharová, Jana, |d 1943- |7 jk01092329 |4 aut | |
| 787 | 0 | 8 | |i Z cyklu: |t Katova dcera |g 4 |
| 900 | |a ABA001 |b 21 | ||
| 928 | 9 | |a Kalibr | |
| 928 | 9 | |a Euromedia Group - Kalibr | |
| 044 | |a xr | ||
| 910 | |a RBIT002 | ||
| 998 | |d 417587 |a https://core.palmknihy.cz/api/books/417587/cover?ssdvbq |b https://core.palmknihy.cz/api/books/417587/cover/400?ssdvbq |c https://core.palmknihy.cz/api/books/417587/cover/50?ssdvbq |e 2029-07-22 |g 456 |i 9788028404017 |j https://core.palmknihy.cz/api/books/417587/preview.epub |l |q 49 |r 1 |s https://www.palmknihy.cz/kniha/417587 |t ebook |y 2025 |z 0 |v Katova dcera |w 4 | ||
| 999 | |d 297545 | ||